Kto zarába na úkor štátu...

Daňové úniky pri oceňovaní nehnuteľností. Oceňovanie stavieb a realita pri zdaňovaní. Prechod nehnuteľností dedením. Nedoplatky voči štátu. Oceňovanie privatizovaného majetku. Získavanie vysokých úverov.

Saved in:
Bibliographic Details
Main Author: Mäsiarová, Terézia
Format: Book Chapter
Language:Slovak
Subjects:
Tags: Add Tag
No Tags, Be the first to tag this record!

MARC

LEADER 00000naa a2200000 4500
001 r026359
005 20230824090228.9
041 0 |a slo 
044 |a SK 
245 1 0 |a Kto zarába na úkor štátu...  |c Terézia Mäsiarová 
520 |a Daňové úniky pri oceňovaní nehnuteľností. Oceňovanie stavieb a realita pri zdaňovaní. Prechod nehnuteľností dedením. Nedoplatky voči štátu. Oceňovanie privatizovaného majetku. Získavanie vysokých úverov. 
610 2 0 |a Slovensko 
610 2 0 |a 1996 
610 2 0 |a 1997 
610 2 0 |a únik daňový 
610 2 0 |a nehnuteľnosti 
610 2 0 |a oceňovanie 
610 2 0 |a stavby 
100 1 |a Mäsiarová, Terézia